000 00741nam a2200241Ia 4500
003 GCL
008 140319s9999 xx 000 0 ara d
040 _aGCL /
_cGCL
082 0 4 _a375.001
_bب ن
100 1 _aممدوح محمد سليمان
245 1 0 _aنظرية المنهج= Curriculum Theary /
_cممدوح محمد سليمان
700 1 _aبوشامب ، جورج
700 1 _aبهاءالدين السيد النجار (مترجم)
260 _a[S.N] :
_bالدار العربية للتوزيع والنشر ،
_c1987
300 _a206
490 _a
650 0 4 _aالتعليم
650 0 4 _aالمناهج
650 0 4 _aالاجتماع
650 0 4 _aتخطيط
650 0 4 _aتطوير
942 _2ddc
_cBK
999 _c29833
_d29833